000 01184nam a2200241 a 4500
001 BS0003551
003 BR-BrBNA
005 20230418192338.0
008 230308b |||||||| |||| 00| 0 por d
040 _aBR-BrBNA
_bpor
_cBiblioteca Nacional de Agricultura
041 _apor
072 _aS85
090 _aS85 BS0003551
100 1 _aMlodinow, Leonard
245 1 _aO Andar do bêbado: como o acaso determina nossas vidas /
260 3 _aRio de Janeiro, RJ:
_bZahar,
_c2011.
300 _a322 p.
500 _aTítulo original: The Drunkards walk: how randomness rules our lives. Traduzido por Diego Alfaro..
520 3 _aNão estamos preparados para lidar com o aleatório - e, por isso, não percebemos o quanto o acaso interfere em nossas vidas. Citando exemplos e pesquisas presentes em diferentes âmbitos da vida, do mercado financeiro aos esportes, de Hollywood à medicina, Mlodinow apresenta ferramentas para identificar os indícios do acaso. Como resultado, ajuda o leitor a fazer escolhas mais acertadas e a conviver melhor com fatores que ele não pode controlar.
650 _aLITERATURA AMERICANA
909 _a202304
_bSergio Santos
_c56
_dSergio Santos
942 _cBK
999 _c8611
_d8611